| 000 | 00641nam a2200241 a 4500 | ||
|---|---|---|---|
| 001 | nice12345678 | ||
| 003 | IN_TiNIC | ||
| 005 | 20260116013345.0 | ||
| 008 | 050524s1987 dela grp 000 0 eng | ||
| 020 |
_a _c175 |
||
| 082 | 0 | 0 |
_a297.0954 _bSID |
| 100 | _aSiddiqui, Iqtidar Husain | ||
| 245 |
_aIslam and Muslims in South Asia _b Historical Perspective. |
||
| 260 |
_aDelhi _bAdam Publishers _c1987 |
||
| 300 | _a201p. | ||
| 500 | _aincludes index and biblioraphy | ||
| 505 | 2 | _aSelected Bibliography, Index | |
| 650 | _aIslam-Asia | ||
| 700 | 1 | _aSiddiqui, Iqtidar Husain | |
| 902 | _bSRS | ||
| 942 | _cBK | ||
| 999 |
_c10688 _d10688 |
||